|
|
|
|
| LEADER |
00000nam a2200000 a 4500 |
| 001 |
UCG6899 |
| 003 |
CL-VaPUC |
| 008 |
110526e20000000AG |||||||||||||||||spa|d |
| 020 |
|
|
|a 987500485
|
| 082 |
0 |
4 |
|a 142.7
|b DER
|2 21
|
| 100 |
|
|
|a Derrida, Jacques
|d 1930-2004
|e author
|9 449254
|
| 245 |
1 |
0 |
|a Introducción a el origen de la geometría de Husserl
|
| 300 |
|
|
|a 195 p
|
| 942 |
|
|
|c BK
|
| 945 |
|
|
|d 20110526 00:00:00
|a jcampos
|
| 260 |
|
|
|a Buenos Aires
|b Manantial
|c 2000
|
| 650 |
|
0 |
|a Fenomenología
|9 256519
|
| 650 |
|
0 |
|a Filosofía (contemporánea)
|y S.XX (Siglo 20)
|9 267050
|
| 650 |
|
7 |
|a LENGUAJE Y ESCRITURA
|2 CL-VaPUC
|9 557349
|
| 650 |
|
7 |
|a HISTORICIDAD HUMANA
|2 CL-VaPUC
|9 557350
|
| 583 |
|
|
|a last modification
|c 20110526 00:00:00
|k Rodrigo Vera
|
| 999 |
|
|
|c 345008
|d 345006
|
| 952 |
|
|
|0 0
|1 0
|4 0
|6 142_700000000000000_DER_2000
|7 0
|8 A
|9 443392
|a BIBARQ
|b BIBARQ
|d 2019-11-22
|i 4779819
|o 142.7 DER 2000
|p 4779819
|r 2025-01-20
|w 2019-11-22
|y BK
|k ARQ
|